| Tag |
First Indicator |
Second Indicator |
Subfields |
| LEADER |
00000cam a2200000 a 4500 |
| 001 |
in00002765113 |
| 005 |
20211120165435.0 |
| 006 |
m o d f |
| 007 |
cr bn||||||||| |
| 008 |
120813s2012 dcua ob f000 0 eng c |
| 019 |
|
|
|a 897717376
|
| 035 |
|
|
|a (OCoLC)ocn805937582
|
| 040 |
|
|
|a GPO
|b eng
|c GPO
|d GPO
|d OCLCQ
|d OCLCA
|d OCLCE
|d GPO
|d MvI
|d UtOrBLW
|
| 042 |
|
|
|a pcc
|
| 043 |
|
|
|a n-us---
|
| 049 |
|
|
|a WWW
|
| 050 |
1 |
4 |
|a KF26
|b .J8 2011t
|
| 074 |
|
|
|a 1042-C (online)
|
| 086 |
0 |
|
|a Y 4.J 89/2:S.HRG.112-158
|
| 088 |
|
|
|a Serial no. J-112-8 (United States. Congress. Senate. Committee on the Judiciary)
|
| 110 |
1 |
|
|a United States.
|b Congress.
|b Senate.
|b Committee on the Judiciary.
|
| 245 |
1 |
0 |
|a Nomination hearing on U.S. Circuit and U.S. District judges :
|b hearing before the Committee on the Judiciary, United States Senate, One Hundred Twelfth Congress, first session, March 2, 2011.
|
| 264 |
|
1 |
|a Washington :
|b U.S. G.P.O.,
|c 2012.
|
| 300 |
|
|
|a 1 online resource (v, 651 pages) :
|b illustrations
|
| 336 |
|
|
|a text
|b txt
|2 rdacontent
|
| 337 |
|
|
|a computer
|b c
|2 rdamedia
|
| 338 |
|
|
|a online resource
|b cr
|2 rdacarrier
|
| 490 |
1 |
|
|a S. hrg. ;
|v 112-158
|
| 500 |
|
|
|a Title from title screen (viewed on Aug. 13, 2012).
|
| 500 |
|
|
|a Nominees: Claire C. Cecchi, District Judge for the District of New Jersey; Roy Bale Dalton, Jr., District Judge for the Middle District of Florida; Goodwin Liu, Circuit Judge for the Ninth District; Esther Salas, District Judge for the District of New Jersey; Kevin Hunter Sharp, District Judge for the Middle District of Tennessee.
|
| 500 |
|
|
|a "Serial number J-112-8."
|
| 504 |
|
|
|a Includes bibliographical references.
|
| 500 |
|
|
|a Electronic resource.
|
| 610 |
1 |
0 |
|a United States.
|b District Court (New Jersey)
|x Officials and employees
|x Selection and appointment.
|
| 610 |
1 |
0 |
|a United States.
|b District Court (Florida : Middle District)
|x Officials and employees
|x Selection and appointment.
|
| 610 |
1 |
0 |
|a United States.
|b Circuit Court (9th Circuit)
|x Officials and employees
|x Selection and appointment.
|
| 610 |
1 |
0 |
|a United States.
|b District Court (Tennessee : Middle District)
|x Officials and employees
|x Selection and appointment.
|
| 650 |
|
0 |
|a Judges
|x Selection and appointment
|z United States.
|
| 776 |
0 |
8 |
|i Print version:
|a United States. Congress. Senate. Committee on the Judiciary.
|t Nomination hearing on U.S. Circuit and U.S. District judges
|w (OCoLC)805937137
|
| 776 |
0 |
8 |
|i Microfiche version:
|a United States. Congress. Senate. Committee on the Judiciary.
|t Nomination hearing on U.S. Circuit and U.S. District judges
|w (OCoLC)839678004
|
| 810 |
1 |
|
|a United States.
|b Congress.
|b Senate.
|t S. hrg. ;
|v 112-158.
|
| 856 |
4 |
0 |
|u https://purl.fdlp.gov/GPO/gpo26496
|t 0
|
| 999 |
|
|
|a MARS
|
| 999 |
f |
f |
|s 2d8ea844-5641-38b0-89d5-45a4de1cc0d5
|i f4dab38e-c272-3f08-a061-dda781012149
|t 0
|
| 952 |
f |
f |
|a Texas A&M University
|b College Station
|c Electronic Resources
|d Available Online
|t 0
|e Y 4.J 89/2:S.HRG.112-158
|h Superintendent of Documents classification
|
| 998 |
f |
f |
|a Y 4.J 89/2:S.HRG.112-158
|t 0
|l Available Online
|